Top 100 NBA Fantasy Rankings 2023-2024 - Statistics

General Stats
  • This quiz has been taken 64 times
  • The average score is 49 of 100
Answer Stats
Pos. Answer % Correct
C Nikola Jokic
96%
PF Giannis Antetokounmpo
94%
PG Stephen Curry
92%
SF LeBron James
90%
PG Luka Doncic
90%
PG Shai Gilgeous-Alexander
86%
PF Anthony Davis
84%
SF Jayson Tatum
82%
SG Jaylen Brown
76%
C Jalen Duren
73%
SF Paul George
73%
C Victor Wembanyama
73%
PF Kevin Durant
71%
PG Damian Lillard
69%
PG Jalen Brunson
69%
SF Kawhi Leonard
69%
PG Derrick White
67%
SG Devin Booker
67%
SG Kyrie Irving
67%
PG Tyrese Haliburton
67%
SG Anthony Edwards
65%
PG Coby White
65%
PG Dejounte Murray
65%
PG Jamal Murray
65%
PF Keegan Murray
65%
PF Draymond Green
63%
SG James Harden
63%
SF Jimmy Butler
63%
SG Donovan Mitchell
61%
SG Tyrese Maxey
61%
PG De'Aaron Fox
59%
PG Jrue Holiday
59%
C Kristaps Porzingis
59%
PG LaMelo Ball
59%
SG Bradley Beal
57%
PF Domantas Sabonis
57%
SG Jalen Williams
57%
C Rudy Gobert
57%
C Bam Adebayo
55%
SF DeMar DeRozan
55%
PF Jaren Jackson Jr
55%
SF Mikal Bridges
55%
PF Miles Bridges
55%
PF Pascal Siakam
55%
SG Austin Reaves
53%
SF Brandon Ingram
53%
PF Zion Williamson
53%
PG Cade Cunningham
51%
PF Chet Holmgren
51%
SF Franz Wagner
51%
PF Paolo Banchero
51%
PG Chris Paul
49%
PG Darius Garland
49%
PF Julius Randle
49%
SF Khris Middleton
47%
C Myles Turner
47%
SG Josh Hart
45%
SG Desmond Bane
43%
PF Evan Mobley
43%
PG Fred VanVleet
43%
PF Kyle Kuzma
43%
C Nikola Vucevic
43%
SG Tyler Herro
43%
SG Grayson Allen
41%
PF Jabari Smith Jr
41%
C Jarrett Allen
41%
C Brook Lopez
39%
PG D'Angelo Russell
39%
PF Lauri Markkanen
37%
SF Michael Porter Jr
37%
PF Herbert Jones
35%
SF Jalen Johnson
35%
SG Anfernee Simons
33%
SG CJ McCollum
33%
C Clint Capela
33%
C Jonas Valanciunas
33%
PG Mike Conley
33%
C Nic Claxton
33%
SF OG Anunoby
33%
SF Tobias Harris
33%
C Deandre Ayton
31%
PF Jerami Grant
31%
PG Alex Caruso
29%
SG Donte DiVincenzo
29%
SG Marcus Smart
29%
SG Collin Sexton
25%
SF Devin Vassell
24%
PG Immanuel Quickley
24%
C Jusuf Nurkic
24%
C Walker Kessler
24%
C Daniel Gafford
22%
SG Bogdan Bogdanovic
20%
PF John Collins
20%
C Dereck Lively II
18%
C Isaiah Hartenstein
16%
SG Terry Rozier
16%
PF Precious Achiuwa
2%
C Nick Richards
0%
C Onyeka Okongwu
0%
PG Tyus Jones
0%
No matching quizzes found
Score Distribution
Percent of People with Each Score
Percentile by Number Answered
Your Score History
You have not taken this quiz